[Event "Aeroflot Open 2017"]
[Site "Moscow"]
[Date "2017.03.01"]
[Round "9"]
[White "Lorparizangeneh, Shahin"]
[Black "Blomqvist, Erik"]
[Result "1-0"]
[WhiteElo "2519"]
[BlackElo "2573"]
[Annotator "TA"]
[PlyCount "147"]
[EventDate "2017.??.??"]

1. Nf3 d5 2. g3 Nf6 3. Bg2 e6 4. O-O Be7 5. c4 O-O 6. d4 dxc4 7. Ne5 c5 8. dxc5
Qc7 9. Nxc4 Qxc5 10. b3 Rd8 11. Nbd2 Qc7 12. Bb2 Nc6 13. Rc1 Bd7 {LiveBook: 7
Games} 14. Ne5 Qa5 15. Nd3 Be8 {The position is equal.} 16. a3 Rac8 17. b4 Qh5
18. Qe1 a5 19. Bxf6 gxf6 20. Rc4 (20. Nf3 $11) 20... axb4 $15 21. axb4 Qb5 22.
Qa1 Ne5 23. Nxe5 fxe5 24. Rxc8 Rxc8 25. Ne4 b6 26. g4 Qxe2 27. g5 Qb5 28. Qa3 (
28. Nf6+ $11 {keeps the balance.} Kh8 29. Rc1 (29. Nxe8 Rxe8 30. Re1 Bd6 $17))
28... Qxb4 $17 29. Qg3 Qd4 30. Nf6+ Kh8 31. Be4 Bc6 32. Qf3 Bxe4 33. Nxe4 Kg7
34. h4 (34. Rd1 {was called for.} Qa4 35. Nd6) 34... b5 (34... Rc4 $19 {
is more deadly.} 35. Re1 Qd5) 35. h5 (35. Rd1 $17 Qa7 36. Qg3) 35... Rc4 $1 $19
36. Re1 Bxg5 $2 (36... Qd5 $1 $19 37. h6+ Kf8) 37. Nxg5 $11 Qg4+ 38. Qg3 Qxh5 {
Strongly threatening .. .Rg4.} 39. Ne4+ (39. Qxe5+ Kg6 40. f4 Qg4+ 41. Kh1 Qh4+
42. Kg2 Qg4+ 43. Kh1 Qh4+ 44. Kg2 Qg4+ 45. Kh1 $17) 39... Qg6 40. Qxg6+ hxg6 {
Endgame KRN-KR} 41. Nd6 Rc5 42. Rb1 f5 43. Nxb5 Kf6 44. f3 Rc2 45. Re1 Rc5 46.
Rb1 Kg5 47. Rb4 Rc2 48. Kf1 Kh5 49. Nd6 g5 50. Nc4 e4 51. fxe4 f4 52. Ne5 g4
53. Rb8 Kh4 (53... f3 $11) 54. Rh8+ $1 $14 Kg3 55. Rg8 Rc1+ 56. Ke2 f3+ 57.
Nxf3 $1 {Black must now prevent Ne5.} Kf4 58. Nd2 {aiming for Rf8+.} g3 $2 (
58... Rc3 $14) 59. Rf8+ $1 $18 Kg4 {[#]} 60. Nf1 $1 Rc2+ {[#]} 61. Kd3 (61. Ke3
$1 $18 Kh3 62. Rg8 Rc3+ 63. Ke2) 61... Ra2 $14 62. Ne3+ Kg5 63. Rg8+ Kf4 64.
Rf8+ Kg5 65. Kd4 {And now Ke5 would win.} Ra5 66. e5 {Threatens to win with
Ke4.} Ra4+ $1 67. Kd3 {Hoping for Rg8+.} Ra3+ $2 (67... Ra5 $14) 68. Ke4 $18 {
White is clearly winning.} Ra4+ 69. Kf3 Ra5 (69... Kh5 $142 70. Rg8 Ra5) 70.
Rg8+ Kh5 71. Kf4 Ra4+ 72. Kxg3 Ra5 73. Kf4 Ra4+ 74. Kf3 1-0

[Event "Aeroflot Open 2017"]
[Site "Moscow"]
[Date "2017.03.01"]
[Round "9"]
[White "Tabatabaei, M amin"]
[Black "Svane, Rasmus"]
[Result "1-0"]
[WhiteElo "2507"]
[BlackElo "2570"]
[Annotator "TA"]
[PlyCount "81"]
[EventDate "2017.??.??"]

1. e4 c6 2. d4 d5 3. e5 Bf5 4. Nf3 e6 5. Be2 Ne7 6. O-O c5 7. c4 Nbc6 8. dxc5
d4 9. Qa4 Ng6 {LiveBook: 6 Games} 10. Rd1 {Strongly threatening Nxd4.} Bxc5 {
[#] Hoping for ...0-0.} 11. b4 $1 Bxb4 {The position is equal.} 12. g4 Bxb1 $1
13. Rxb1 Bc3 (13... Be7 $11) 14. Rxb7 $16 Qc8 15. Rb5 {Black must now prevent
Rc5.} O-O 16. Ba3 Rd8 17. Bd6 Qd7 18. Qa6 Nf4 19. Bf1 Qe8 20. Rb7 Na5 21. Rxa7
({White should try} 21. Rbb1 $1 $16) 21... Rxa7 $11 22. Qxa7 Ra8 $1 23. Qb6 Qa4
24. Rxd4 Bxd4 25. Qxd4 Ng6 26. h4 Qc6 27. Be2 Nb7 28. h5 $40 {White is up to
no good.} Rxa2 (28... Nxd6 $2 29. hxg6 (29. Qxd6 Qxd6 30. exd6 Nf8 $11) (29.
exd6 e5 30. Nxe5 Nxe5 31. Qxe5 Rd8 $14) 29... Ne4 30. gxf7+ Kf8 31. Bd3 $18) (
28... Nf8 $11 {keeps the balance.}) 29. hxg6 $16 Rxe2 (29... hxg6 $2 30. Bd1
$18) 30. gxf7+ Kxf7 31. Qf4+ Ke8 32. Qf8+ Kd7 33. Qxg7+ Kc8 {[#]} 34. Qf8+ ({
Reject} 34. Qxh7 Nxd6 35. exd6 Qxd6 $11) (34. Qg8+ $1 $16 Nd8 35. Be7 (35. Qxh7
Re4 36. Qh3 Qxc4 $17)) 34... Nd8 $11 35. Be7 Qc7 (35... Qd7 $1 $11) 36. Ng5 (
36. Bf6 $16) 36... Re1+ ({Not} 36... Rxe5 $2 37. Nf7 Re1+ 38. Kg2 Qb7+ 39. f3
Qb2+ 40. Kg3 Rg1+ 41. Kh4 Qh2+ 42. Kg5 Qd2+ 43. Kh5 Rh1+ 44. Bh4 Qa5+ 45. c5
$18) 37. Kg2 {Threatens to win with Nf7.} Rd1 38. Nf7 ({White should play} 38.
Bxd8 $1 $16 Rxd8 39. Qf4) 38... Qb7+ $2 {[#]} (38... Qxc4 $11 39. Nd6+ Rxd6 40.
exd6 Qxg4+ 41. Kh2 Qh5+ 42. Kg3 Qg6+ 43. Kh4 Qe4+ 44. f4 Qh1+ 45. Kg5 Qg2+ 46.
Kh5 Qh1+ 47. Bh4 Qd5+ 48. Kh6 Qxd6 49. Qxd6 Nf7+ 50. Kxh7 Nxd6) 39. Kg3 $2 (39.
f3 $1 $18 Qb2+ 40. Kg3 Rg1+ 41. Kh4 Qh2+ 42. Kg5 Qd2+ 43. Kh5 Rh1+ 44. Bh4)
39... Rd3+ $2 (39... Rg1+ $11 40. Kf4 Rxg4+ 41. Kxg4 Qg2+ 42. Kh4 Qh2+ 43. Kg5
Qg2+ 44. Kf4 Qxf2+ 45. Ke4 Qe2+ 46. Kf4 Qf2+ 47. Ke4 Qe2+ 48. Kf4 Qf2+) 40. Kh2
$18 Qd7 41. Bxd8 1-0

[Event "Aeroflot Open 2017"]
[Site "Moscow"]
[Date "2017.03.01"]
[Round "9"]
[White "Tran, Tuan Minh"]
[Black "Saric, Ivan"]
[Result "1-0"]
[WhiteElo "2491"]
[BlackElo "2648"]
[Annotator "TA"]
[PlyCount "107"]
[EventDate "2017.??.??"]

1. d4 Nf6 2. c4 g6 3. Nc3 Bg7 4. e4 d6 5. Bd3 O-O 6. Nge2 Nc6 7. O-O e5 8. d5
Nd4 9. f3 Nd7 10. Be3 c5 {LiveBook: 4 Games} 11. Qd2 f5 12. exf5 gxf5 {The
position is equal.} 13. Rab1 b6 14. Kh1 Nf6 15. b4 Nxe2 16. Nxe2 cxb4 17. Qxb4
Qe7 18. Rbe1 (18. Bg5 $16) 18... Nd7 $1 $11 19. Bc2 Nc5 20. a4 Nb7 21. Bg1 Bd7
22. Nd4 Rac8 23. Nb5 Bxb5 24. axb5 Qh4 25. Qb1 Qh5 (25... Rxc4 $14 26. Bxf5 Nc5
) 26. g4 $1 $16 fxg4 (26... Qh3 $16 {was called for.}) 27. fxg4 $18 Qh3 $2 (
27... Qh4 {might work better.}) 28. Bf5 $1 Rxc4 29. Re3 {Be6+ would kill now.}
Qh4 30. Be6+ Kh8 31. Rxf8+ Bxf8 32. Rf3 Bg7 33. Qf1 $2 (33. Qf5 $1 $18 {
is the precise move to win.} Nd8 34. Bf2) 33... Rf4 $16 34. Rxf4 exf4 35. Qxf4
$40 {Threatens to win with Qf7. Black needs to defend precisely.} Qf6 (35...
Qe7 $1 $14) 36. Qxf6 Bxf6 {Endgame KBB-KBN} 37. g5 Be5 38. Kg2 Kg7 39. h4 Nc5
40. Bf5 Na4 41. Bd3 $1 Nc3 {[#]} 42. Bc4 $1 h6 43. Kf3 hxg5 44. hxg5 Kf7 45.
Kg4 Ne4 {[#]} (45... Kg6 $16 46. Be3 Nd1) 46. Be3 $1 $18 Nc5 47. Kf5 Nd7 48.
Be2 Nf8 $2 (48... Nc5 49. Bh5+ Kg7) 49. Bh5+ Kg7 (49... Ke7 $142 50. g6 Kd7)
50. Be8 Bc3 51. g6 Be5 52. Bg5 Bc3 53. Be7 Be5 54. Kg5 1-0

[Event "Aeroflot Open 2017"]
[Site "Moscow"]
[Date "2017.03.01"]
[Round "9"]
[White "Narayanan, Srinath"]
[Black "Zhigalko, Sergei"]
[Result "1/2-1/2"]
[WhiteElo "2474"]
[BlackElo "2652"]
[Annotator "TA"]
[PlyCount "64"]
[EventDate "2017.??.??"]

1. e4 c5 2. Nf3 d6 3. d4 cxd4 4. Nxd4 Nf6 5. Nc3 a6 6. h3 e6 7. g4 h6 8. Bg2
Be7 9. Be3 Nc6 10. Qe2 {LiveBook: 37 Games} (10. Qd3 $14) 10... Nxd4 $1 $11 11.
Bxd4 e5 12. Be3 {The position is equal.} b5 13. f4 b4 $1 14. Nd5 Nxd5 15. exd5
{Black should prevent fxe5.} exf4 16. Bxf4 O-O {Strongly threatening ...Bh4+.}
17. O-O-O a5 18. Kb1 Bf6 19. Qf2 Re8 20. Bf1 Be5 21. Rg1 Bxf4 22. Qxf4 Re5 23.
Bc4 Qe7 24. Qf2 Ba6 25. Bxa6 Rxa6 26. Rge1 Ra8 27. Rxe5 Qxe5 $15 {KQR-KQR} 28.
Qb6 h5 29. Qc6 Rf8 30. Qb5 Ra8 31. Qc6 Rf8 32. Qb5 Ra8 (32... f5 $15 33. gxf5
Qxf5) 1/2-1/2

[Event "Aeroflot Open 2017"]
[Site "Moscow"]
[Date "2017.03.01"]
[Round "9"]
[White "Debashis, Das"]
[Black "Goganov, Aleksey"]
[Result "1/2-1/2"]
[WhiteElo "2472"]
[BlackElo "2632"]
[Annotator "TA"]
[PlyCount "77"]
[EventDate "2017.??.??"]

1. d4 d5 2. c4 e6 3. Nc3 c6 4. e3 Nf6 5. Nf3 Nbd7 6. Qc2 Bd6 7. Bd3 O-O 8. O-O
dxc4 9. Bxc4 b5 10. Be2 Bb7 {LiveBook: 951 Games} 11. Rd1 Rc8 (11... Qc7 $11)
12. e4 $16 {Hoping for e5.} b4 {White is better.} 13. e5 {Na4 is the strong
threat.} bxc3 14. bxc3 ({Much weaker is} 14. exf6 Nxf6 15. bxc3 Qc7 $15) 14...
Be7 {White must now prevent ...Nd5.} 15. exf6 Nxf6 16. Rb1 Qc7 17. Bf4 Qxf4 18.
Rxb7 Rc7 19. g3 Qd6 20. Rxc7 Qxc7 21. c4 Rd8 22. Kg2 c5 23. dxc5 Rc8 24. Nd4
Qxc5 25. Nb3 Qc6+ 26. Kg1 h5 27. c5 h4 28. Bf1 Qe4 29. Rc1 Qe5 30. Bg2 Nd5 31.
Qc4 Bg5 32. Rd1 Nc3 33. Rd7 a5 34. c6 Bf6 ({Wrong is} 34... Nxa2 $2 35. c7 (35.
gxh4 Bf4 $11) 35... Nc3 36. gxh4 Qe1+ 37. Bf1 $18) 35. Nd4 (35. Bf1 $16) 35...
Qe1+ 36. Qf1 Qe5 {The position is equal.} 37. Qc4 Qe1+ 38. Qf1 Qe5 39. Qc4
1/2-1/2

[Event "Aeroflot Open 2017"]
[Site "Moscow"]
[Date "2017.03.01"]
[Round "9"]
[White "Firouzja, Alireza"]
[Black "Cordova, Emilio"]
[Result "1-0"]
[WhiteElo "2465"]
[BlackElo "2655"]
[Annotator "TA"]
[PlyCount "75"]
[EventDate "2017.??.??"]

1. e4 c5 2. Nf3 d6 3. d4 cxd4 4. Nxd4 Nf6 5. Nc3 g6 6. Be3 a6 7. Be2 Bg7 8. Qd2
Nbd7 9. Bh6 Bxh6 10. Qxh6 b5 {LiveBook: 9 Games} 11. Bf3 e5 12. Nb3 Bb7 {
White has an edge.} 13. O-O Rc8 14. a3 Nb6 15. Na5 Ba8 $1 16. Qd2 Nc4 17. Nxc4
Rxc4 18. Rfe1 Qc7 {[#]} (18... O-O $11) 19. Rad1 ({White should try} 19. Qh6 $1
$16 {aiming for Qg7.} Rf8 20. Qg5) 19... Ke7 20. Qh6 b4 21. axb4 Rxb4 22. Rb1
Rhb8 23. Nd1 $1 Bxe4 24. Bxe4 Rxe4 25. Ne3 Qc5 26. c4 Rb3 27. h3 Qd4 28. Rbd1
Rd3 29. Qg5 $36 {Nd5+ is the strong threat. White has some pressure.} h6 (29...
Rexe3 $11 {keeps the balance.} 30. fxe3 Rxd1 31. exd4 Rxe1+ 32. Kf2 Re4) 30.
Qxh6 $16 Rf4 {[#]} 31. Qg5 (31. g3 $1 $16 Rf3 32. Rxd3 Qxd3 33. Kg2) 31... Kf8
({Better is} 31... Ke6 $15 32. Rxd3 Qxd3) 32. Qh6+ Kg8 $2 (32... Ke7 $11) 33.
Rxd3 $18 Qxd3 34. Rd1 Qe2 35. Rxd6 {White threatens Rd8+ and mate.} Qxf2+ (
35... Qe1+ $142 36. Kh2 Qa5) 36. Kh2 {White wants to mate with Rd8+.} Rd4 37.
Nd5 ({Less strong is} 37. Rxa6 Qf4+ 38. Qxf4 exf4 $16) 37... Rxd5 38. cxd5 1-0

[Event "Aeroflot Open 2017"]
[Site "Moscow"]
[Date "2017.03.01"]
[Round "9"]
[White "Lomasov, Semen"]
[Black "Alekseev, Evgeny"]
[Result "0-1"]
[WhiteElo "2450"]
[BlackElo "2632"]
[Annotator "TA"]
[PlyCount "84"]
[EventDate "2017.??.??"]

1. e4 c6 2. d4 d5 3. e5 Bf5 4. h4 h5 5. Bd3 Bxd3 6. Qxd3 e6 7. Bg5 Be7 8. Nf3
Nh6 9. Nc3 Nf5 10. Ne2 c5 11. dxc5 Na6 {LiveBook: 3 Games} 12. Bxe7 Qxe7 13.
Ned4 Nxd4 {The position is equal.} ({Of course not} 13... Qxc5 $6 14. Nxf5 exf5
15. Qxf5 $16) 14. Nxd4 Nxc5 15. Qa3 a6 16. O-O-O Rc8 17. f3 b5 18. Kb1 Qb7 19.
Qe3 Qe7 20. Qa3 Na4 {[#] Hoping for ...Qxa3.} 21. Qxe7+ Kxe7 22. Ne2 Nb6 23.
Rhe1 Rcg8 24. Nf4 g5 25. hxg5 Rxg5 26. Re2 Nd7 27. Rde1 h4 28. Nd3 Rhg8 29. Nf4
Rf5 30. Nd3 {[#]} h3 $1 31. gxh3 Rxf3 32. a4 (32. Re3 $17 Rxe3 33. Rxe3) 32...
bxa4 $19 33. h4 Rh3 34. Rf2 Rxh4 35. Ref1 Rg7 36. Rf4 Rgh7 37. Ka2 a5 38. Ka3
Nb6 39. R1f2 Rxf4 40. Rxf4 Rh2 41. Nf2 Nc4+ 42. Kxa4 Nxb2+ 0-1

[Event "Aeroflot Open 2017"]
[Site "Moscow"]
[Date "2017.03.01"]
[Round "9"]
[White "Abdusattorov, Nodirbek"]
[Black "Grigoriants, Sergey"]
[Result "0-1"]
[WhiteElo "2429"]
[BlackElo "2564"]
[Annotator "TA"]
[PlyCount "104"]
[EventDate "2017.??.??"]

1. e4 e5 2. Nf3 Nc6 3. Bb5 a6 4. Ba4 Nf6 5. O-O Be7 6. Re1 b5 7. Bb3 d6 8. c3
O-O 9. h3 Na5 10. Bc2 c5 11. d4 Nd7 12. Nbd2 exd4 13. cxd4 Nc6 14. d5 Nce5 15.
Nh2 Ng6 16. Ndf1 Bg5 17. Ne3 {LiveBook: 6 Games} Nde5 18. Nhg4 Nxg4 19. hxg4 {
Black has an edge.} Ne5 20. Nf5 {Black must now prevent f4.} Bxc1 21. Rxc1 Qg5
22. f3 Bxf5 23. gxf5 Qf4 24. Qe2 g5 25. Qe3 Qxe3+ 26. Rxe3 Kg7 27. Bd1 h5 28.
g3 Kf6 $1 29. Be2 Rh8 30. f4 Nd7 31. a4 bxa4 32. Ra1 h4 $1 33. Rxa4 hxg3 $1 34.
fxg5+ ({Don't capture} 34. Rxg3 $2 gxf4 35. Rg2 Ne5 $19) 34... Kxg5 35. Rxg3+
Kf4 $1 36. Rf3+ Ke5 37. f6 Rhg8+ 38. Kf1 Rg5 39. b4 (39. Rb3 {was necessary.})
39... cxb4 40. Rxb4 Nc5 $1 41. Rb6 a5 42. Rc6 $2 (42. Rb2 {keeps fighting.})
42... a4 $19 43. Ra3 Rg6 44. Bf3 (44. Rc7 $142 Rxf6+ 45. Ke1) 44... Rxf6 45.
Ke2 (45. Rc7 $142) 45... Nb3 46. Bg4 Rf4 47. Bd7 Rxe4+ 48. Kf2 Rf4+ 49. Ke1 Rh8
50. Rc3 Rh1+ {Black mates.} 51. Ke2 Nd4+ 52. Kd3 Rd1+ (52... Kxd5 $142 53. Bc6+
Nxc6 54. Ke3 Rhh4 55. Rxc6 Kxc6 56. Ra1 f5 57. Ke2 {[#]} a3 $1 58. Kd2 Rh3 59.
Ke2 {[#]} a2 $1 60. Rg1 Rb4 61. Rc1+ Kb5 62. Kf2 Rb1 63. Kg2 Rxc1 64. Kxh3 Rg1
65. Kh4 a1=Q 66. Kh5 Qh8#) 0-1